000 00336nam a22001217a 4500
005 20241120114927.0
008 241120b |||||||| |||| 00| 0 eng d
245 _aDomestic Violence Act, 2007
_bACT 732
260 _aAccra, Ghana
_bGhana Publishing Co. Ltd.
_c2007
300 _a19 pages
_c23 cm
650 _2Act
_xGhana
942 _2lcc
_cBK
_n0
999 _c1356
_d1356